| 000 | 00716cam6a220021700 4500 | ||
|---|---|---|---|
| 001 | tmp15731892 | ||
| 003 | UPRA | ||
| 005 | 20190814133212.0 | ||
| 008 | 951014s1967 nyu eng u | ||
| 035 | _a(Sirsi) r68321 | ||
| 035 | _a(UPRA)tmp15731892 | ||
| 040 | _cUPRA | ||
| 100 | 1 |
_aWilliams, Beryl. _6A29357.1 |
|
| 245 | 1 | 4 |
_aThe wonder drugs : _b[original title: Medicine from microbes] / _c[by] Beryl Williams and Samuel Epstein. |
| 260 |
_a[New York] : _bAvon Books, _c[1967] |
||
| 440 | 0 |
_aAvon ladder series _6S5105.1 |
|
| 650 | 0 |
_aAntibiotics -- History. _xAntibiotics -- History. _6S21256.1 |
|
| 700 | 1 |
_aEpstein, Samuel. _6A29358.1 |
|
| 949 |
_aRM267 _wLC _i-91667 _mMEDICAL _tBOOK _lON-SHELF |
||
| 004 | 68321 | ||
| 999 |
_c56357 _d56357 |
||